[Event "Bad Woerishofen sen"]
[Site "?"]
[Date "2004.03.26"]
[Round "9"]
[White "Neese, Hans-Joachim"]
[Black "Kasueschke, Gregor"]
[Result "1/2-1/2"]
[WhiteElo "2214"]
[BlackElo "2197"]
[PlyCount "92"]

1. d4 d5 2. Nf3 Nf6 3. Bf4 Bf5 4. c4 c6 5. e3 e6 6. Qb3 Qb6 7. c5 Qxb3 8. axb3
Nbd7 9. h3 a6 10. b4 Be7 11. Nc3 O-O 12. Be2 Rfe8 13. O-O Ne4 14. Nxe4 Bxe4 15.
Nd2 Bg6 16. Nb3 Bd8 17. Bd6 Bc2 18. Na5 Bxa5 19. bxa5 e5 20. Rfc1 Bg6 21. Bg4
f5 22. Bf3 exd4 23. exd4 Nf6 24. Bf4 Rad8 25. Rc3 Rd7 26. Rb3 h6 27. Be5 Ne4
28. Bf4 Nf6 29. Re3 Rxe3 30. Bxe3 Bh5 31. Bf4 Bxf3 32. gxf3 Nh5 33. Be5 f4 34.
Kh2 Kh7 35. h4 g5 36. Kh3 Kg6 37. Kg4 Re7 38. Rh1 Nf6+ 39. Bxf6 h5+ 40. Kh3
Kxf6 41. hxg5+ Kxg5 42. Rg1+ Kh6 43. Kh4 Re2 44. Rg5 Rxf2 45. Rxh5+ Kg6 46. Re5
Rxb2 1/2-1/2

[Event "Bad Woerishofen open"]
[Site "?"]
[Date "2004.03.26"]
[Round "9"]
[White "Ivanov, Michail"]
[Black "Krivoshey, Sergei"]
[Result "1-0"]
[WhiteElo "2421"]
[BlackElo "2501"]
[PlyCount "80"]

1. d4 Nf6 2. Nf3 g6 3. c4 Bg7 4. Nc3 d5 5. e3 O-O 6. cxd5 Nxd5 7. Bc4 Nxc3 8.
bxc3 c5 9. O-O Qc7 10. Qe2 Nc6 11. Ba3 cxd4 12. cxd4 Qa5 13. Qb2 Bg4 14. Nd2
Rfd8 15. Nb3 Qb6 16. Bc5 Qc7 17. Rac1 Rac8 18. h3 Bf5 19. Qe2 Bf8 20. Qf3 e5
21. Bxf8 Rxf8 22. Bd5 Qe7 23. Bxc6 bxc6 24. dxe5 Qxe5 25. Rc5 Qe7 26. Rfc1 Be4
27. Qf4 Bd5 28. Nd4 Qd7 29. a4 Kg7 30. e4 Ba2 31. Nxc6 f6 32. e5 Rce8 33. Nb8
Qe6 34. Rc7+ Kg8 35. Qh6 Rf7 36. Rxf7 Qxf7 37. Nc6 fxe5 38. Qe3 a6 39. Nxe5 Qf5
40. f4 Bd5 1-0

[Event "Bad Woerishofen open"]
[Site "?"]
[Date "2004.03.26"]
[Round "9"]
[White "Kengis, Edvins"]
[Black "Kveinys, Aloyzas"]
[Result "0-1"]
[WhiteElo "2572"]
[BlackElo "2511"]
[PlyCount "82"]

1. e4 e5 2. Nf3 Nc6 3. Bb5 a6 4. Ba4 Nf6 5. O-O Be7 6. Re1 b5 7. Bb3 d6 8. c3
O-O 9. h3 Na5 10. Bc2 c5 11. d4 Qc7 12. Nbd2 cxd4 13. cxd4 Rd8 14. Nf1 exd4 15.
Nxd4 d5 16. e5 Ne4 17. Ne3 Bc5 18. b3 Qxe5 19. Bb2 Bd6 20. Nf1 Qf4 21. Nf3 Qh6
22. Ne3 Be6 23. Nd4 Qf4 24. Nf3 Qh6 25. Rc1 Rac8 26. Qe2 Bb4 27. Red1 Nc3 28.
Bxc3 Bxc3 29. Nf5 Qf6 30. N5d4 g6 31. Qd3 Bd7 32. Bb1 b4 33. Qe3 Re8 34. Qh6
Nc6 35. Nxc6 Bxc6 36. Bd3 a5 37. Bf1 Rcd8 38. h4 a4 39. Qg5 Qxg5 40. hxg5 axb3
41. axb3 d4 0-1

[Event "Bad Woerishofen open"]
[Site "?"]
[Date "2004.03.26"]
[Round "9"]
[White "Guenther, Thomas"]
[Black "Senf, Martin"]
[Result "1/2-1/2"]
[WhiteElo "2080"]
[BlackElo "2443"]
[PlyCount "83"]

1. d4 d5 2. Nf3 Nf6 3. c4 e6 4. Nc3 Be7 5. Bg5 h6 6. Bh4 O-O 7. e3 Ne4 8. Bxe7
Qxe7 9. Rc1 c6 10. Bd3 Nxc3 11. Rxc3 dxc4 12. Bxc4 Nd7 13. O-O e5 14. dxe5 Nxe5
15. Nxe5 Qxe5 16. Qb3 Qe7 17. Rd1 Bf5 18. e4 Bg6 19. f3 Rfd8 20. Rcd3 b5 21.
Rxd8+ Rxd8 22. Rxd8+ Qxd8 23. Be2 Qd4+ 24. Kf1 Kh7 25. Qc2 Qd6 26. g3 f6 27. a3
a5 28. Qc3 a4 29. Bd3 Kg8 30. Ke2 Be8 31. Bb1 c5 32. Qd2 Qxd2+ 33. Kxd2 Kf7 34.
f4 Ke6 35. Ba2+ Kd6 36. Kc3 Bh5 37. Bg8 Bg6 38. Kd3 Be8 39. Ba2 Bd7 40. Bg8 Bh3
41. Kc3 g5 42. Bf7 1/2-1/2

[Event "Bad Woerishofen sen"]
[Site "?"]
[Date "2004.03.26"]
[Round "9"]
[White "Hein, Manfred"]
[Black "Schmid, Hermann"]
[Result "1/2-1/2"]
[WhiteElo "2126"]
[BlackElo "2187"]
[PlyCount "84"]

1. e4 c6 2. d4 d5 3. exd5 cxd5 4. Bd3 Nc6 5. c3 Qc7 6. Nf3 Bg4 7. h3 Bh5 8.
Nbd2 Nf6 9. Qa4 e6 10. Ne5 Bd6 11. Ndf3 Bxf3 12. Nxf3 O-O 13. O-O h6 14. Re1 a6
15. Qc2 Rfc8 16. Qe2 Rab8 17. Bd2 b5 18. a4 Qb6 19. axb5 axb5 20. b4 Ne8 21.
Ra2 Nc7 22. Rea1 Rb7 23. g3 Rcb8 24. Kg2 Ra7 25. Rxa7 Nxa7 26. Ne5 Bxe5 27.
Qxe5 Ne8 28. g4 Nc6 29. Qg3 Qb7 30. h4 Rc8 31. f3 Kf8 32. Qe1 Nd6 33. Qb1 Ra8
34. Bf4 Nc4 35. Ra2 Ke7 36. Qa1 Rxa2+ 37. Qxa2 Qa7 38. Qxa7+ Nxa7 39. Kf2 Nc8
40. Bc1 N8b6 41. Ke2 Na4 42. Bd2 f6 1/2-1/2

[Event "Bad Woerishofen open"]
[Site "?"]
[Date "2004.03.26"]
[Round "9"]
[White "Hermann, Manfred"]
[Black "Maugg, Ludwig"]
[Result "1-0"]
[WhiteElo "2318"]
[BlackElo "2156"]
[PlyCount "85"]

1. e4 c5 2. c3 d5 3. exd5 Qxd5 4. d4 Nc6 5. Nf3 Bg4 6. Be2 cxd4 7. cxd4 e6 8.
h3 Bh5 9. Nc3 Qa5 10. d5 exd5 11. Nd4 Bxe2 12. Qxe2+ Be7 13. Nxc6 bxc6 14. O-O
Rd8 15. Bf4 Kf8 16. Rfe1 Qb4 17. Bg3 g6 18. Qa6 Qb6 19. Qxb6 axb6 20. Bc7 Rc8
21. Bxb6 Bf6 22. a4 Kg7 23. a5 Ne7 24. a6 c5 25. a7 c4 26. Rxe7 Bxe7 27. Bd4+
Bf6 28. Bxf6+ Kxf6 29. Nxd5+ Ke5 30. Nb6 Ra8 31. Nxc4+ Kd4 32. Nb6 Kd3 33. Nxa8
Rxa8 34. Ra3+ Kc4 35. f4 f5 36. Kf2 h6 37. g4 fxg4 38. hxg4 h5 39. Kg3 Kd5 40.
Ra4 Kc6 41. Kh4 Kb7 42. gxh5 gxh5 43. f5 1-0

[Event "Bad Woerishofen open"]
[Site "?"]
[Date "2004.03.26"]
[Round "9"]
[White "Galdunts, Sergey"]
[Black "Trabert, Bettina"]
[Result "1-0"]
[WhiteElo "2506"]
[BlackElo "2247"]
[PlyCount "83"]

1. e4 e5 2. Nf3 Nc6 3. Nc3 Nf6 4. g3 d5 5. exd5 Nxd5 6. Bg2 Nxc3 7. bxc3 Bc5 8.
O-O O-O 9. d3 Bg4 10. h3 Bh5 11. Qe1 Re8 12. Qe4 Bg6 13. Qc4 Bb6 14. Nh4 Qd7
15. Nxg6 hxg6 16. Re1 Na5 17. Qg4 Qxg4 18. hxg4 Rad8 19. Be4 Bc5 20. Rb1 b6 21.
Kg2 Rd6 22. g5 Nc6 23. f4 exf4 24. Bxf4 Rde6 25. Bxc7 Kf8 26. Rh1 Ke7 27. Rbf1
Rf8 28. Rh7 Kd7 29. Bf4 Rg8 30. Bd5 Re2+ 31. Kf3 Rxc2 32. Bxf7 Rf8 33. Rxg7
Rxc3 34. Bxg6+ Ne7 35. Re1 Kd8 36. Be4 Ra3 37. g6 Rxa2 38. Rf7 Nxg6 39. Bxg6
Rxf7 40. Bxf7 Ra3 41. Ke4 Ra4+ 42. Kd5 1-0

[Event "Bad Woerishofen open"]
[Site "?"]
[Date "2004.03.26"]
[Round "9"]
[White "Bischoff, Dieter"]
[Black "Schuette, Marc"]
[Result "1/2-1/2"]
[WhiteElo "2182"]
[BlackElo "2305"]
[PlyCount "83"]

1. d4 d5 2. c4 Nc6 3. Bg5 f6 4. Bh4 Nh6 5. e3 e6 6. Nc3 Nf5 7. Bg3 Bb4 8. Bd3
dxc4 9. Bxc4 h5 10. h4 Nxg3 11. fxg3 e5 12. d5 Bxc3+ 13. bxc3 Ne7 14. e4 Qd6
15. Qa4+ Bd7 16. Qb4 Nc8 17. Be2 a5 18. Qxd6 Nxd6 19. Bd3 Ke7 20. Nf3 b6 21.
Rb1 a4 22. Rf1 Ra5 23. Rb4 Nb7 24. Ke2 a3 25. Nd2 Rha8 26. Ke3 Rc5 27. Nb3 Rxc3
28. Kd2 Rxb3 29. Rxb3 Ra4 30. Rfb1 Nc5 31. Rb4 Ra5 32. Ke3 Kd6 33. Bb5 Na6 34.
Bxa6 Rxa6 35. Rc1 Be8 36. Rbc4 Ra7 37. R4c3 b5 38. R3c2 b4 39. Rb1 Ra4 40. Rbc1
Ra7 41. Rb1 Ra4 42. Rbc1 1/2-1/2

[Event "Bad Woerishofen open"]
[Site "Bad Woerishofen"]
[Date "2004.03.26"]
[Round "9"]
[White "Eingorn, Viacheslav"]
[Black "Teske, Henrik"]
[Result "1/2-1/2"]
[WhiteElo "2600"]
[BlackElo "2526"]
[PlyCount "29"]
[EventDate "2004.03.19"]

1. c4 Nf6 2. Nc3 d5 3. cxd5 Nxd5 4. Nf3 e6 5. g3 c5 6. Bg2 Nc6 7. O-O Be7 8. d4
O-O 9. Nxd5 exd5 10. dxc5 Bxc5 11. Bg5 f6 12. Bd2 Be6 13. e3 Qb6 14. Bc3 Rfd8
15. Nd4 1/2-1/2

[Event "Bad Woerishofen open"]
[Site "Bad Woerishofen"]
[Date "2004.03.26"]
[Round "9"]
[White "Schwalen, Peter"]
[Black "Loew, Gerald"]
[Result "0-1"]
[WhiteElo "2195"]
[BlackElo "2284"]
[PlyCount "20"]
[EventDate "2004.03.19"]

1. e4 c5 2. Ne2 Nc6 3. g3 d5 4. Bg2 dxe4 5. Nbc3 Bg4 6. Nxe4 Nd4 7. N4c3 Qd7 8.
Kf1 Nf6 9. d3 Nd5 10. Bxd5 Qxd5 0-1

[Event "Bad Woerishofen open"]
[Site "Bad Woerishofen"]
[Date "2004.03.26"]
[Round "9"]
[White "Ginsburg, Gennadi"]
[Black "Unger, Michael"]
[Result "1-0"]
[WhiteElo "2486"]
[BlackElo "2235"]
[PlyCount "43"]
[EventDate "2004.03.19"]

1. e4 Nc6 2. Nf3 Nf6 3. e5 Ng4 4. d4 d6 5. h3 Nh6 6. Bxh6 gxh6 7. Bb5 a6 8.
Bxc6+ bxc6 9. Nc3 Bf5 10. Qe2 Bg7 11. O-O-O Qc8 12. Nh4 Be6 13. f4 Rb8 14. Rhf1
dxe5 15. f5 exd4 16. fxe6 dxc3 17. Qg4 Bf6 18. Rxf6 exf6 19. exf7+ Kf8 20. Nf5
Kxf7 21. Qg7+ Ke6 22. Qe7+ 1-0

[Event "Bad Woerishofen open"]
[Site "Bad Woerishofen"]
[Date "2004.03.26"]
[Round "9"]
[White "Vrana, Frantisek"]
[Black "Ballon, Guenter-Jan"]
[Result "1-0"]
[WhiteElo "2301"]
[BlackElo "2178"]
[PlyCount "51"]
[EventDate "2004.03.19"]

1. e4 e5 2. Nf3 Nc6 3. Bb5 g6 4. d4 exd4 5. Bg5 Be7 6. Bxe7 Ngxe7 7. Nxd4 O-O
8. Nc3 a6 9. Be2 d6 10. Qd2 Nxd4 11. Qxd4 Nc6 12. Qd2 Be6 13. O-O-O Qf6 14. f4
Qg7 15. g4 f6 16. h4 Kh8 17. g5 fxg5 18. hxg5 Rad8 19. Rh6 Bg8 20. Rdh1 Ne7 21.
Bd3 c6 22. Rf1 d5 23. f5 dxe4 24. f6 Qf7 25. fxe7 Qxf1+ 26. Bxf1 1-0

[Event "Bad Woerishofen open"]
[Site "Bad Woerishofen"]
[Date "2004.03.26"]
[Round "9"]
[White "Maahs, Erich"]
[Black "Becker, Martin"]
[Result "1-0"]
[WhiteElo "2190"]
[BlackElo "2261"]
[PlyCount "111"]
[EventDate "2004.03.19"]

1. e4 c5 2. Nf3 d6 3. d4 cxd4 4. Qxd4 Nc6 5. Bb5 Bd7 6. Bxc6 Bxc6 7. Nc3 Nf6 8.
Bg5 e6 9. O-O-O Be7 10. Rhe1 O-O 11. Kb1 Qa5 12. Qd2 Rfc8 13. Nd5 Qxd2 14.
Nxe7+ Kf8 15. Rxd2 Kxe7 16. Nd4 h6 17. Bxf6+ gxf6 18. Nxc6+ Rxc6 19. Re3 Rg8
20. f4 Rg4 21. g3 h5 22. h3 Rg8 23. b3 b5 24. Kb2 Rgc8 25. c3 Rc5 26. Red3 R8c6
27. Rg2 f5 28. Re2 fxe4 29. Rxe4 f5 30. Red4 Rb6 31. Re3 Kf6 32. Red3 Rcc6 33.
a4 Ke7 34. Re3 a6 35. a5 Rb8 36. b4 Rbc8 37. Rd2 Rc4 38. Rde2 Kf7 39. Rxe6 Rxc3
40. Re7+ Kg8 41. Re8+ Kf7 42. R2e7+ Kf6 43. Re6+ Kf7 44. Rxc8 Rxc8 45. Rxd6 Rg8
46. Rxa6 Rxg3 47. Rb6 Rxh3 48. Rxb5 Rh2+ 49. Kb3 Rh3+ 50. Ka4 Rh1 51. Rxf5+ Kg6
52. Rg5+ Kh6 53. a6 Ra1+ 54. Kb5 h4 55. Rg8 Kh7 56. Rg4 1-0

[Event "Bad Woerishofen open"]
[Site "Bad Woerishofen"]
[Date "2004.03.26"]
[Round "9"]
[White "Ruck, Robert"]
[Black "Peschlow, Patrick"]
[Result "1/2-1/2"]
[WhiteElo "2556"]
[BlackElo "2231"]
[PlyCount "39"]
[EventDate "2004.03.19"]

1. Nf3 Nf6 2. c4 g6 3. g3 Bg7 4. Bg2 d5 5. O-O Nc6 6. cxd5 Nxd5 7. Nc3 O-O 8.
d4 Nb6 9. d5 Na5 10. Qc2 c6 11. dxc6 Nxc6 12. Rd1 Bd7 13. Qe4 Bxc3 14. bxc3 Bf5
15. Rxd8 Bxe4 16. Rxf8+ Rxf8 17. Kf1 Rd8 18. Bh6 f6 19. Nd2 Bf5 20. e4 1/2-1/2

[Event "Bad Woerishofen open"]
[Site "Bad Woerishofen"]
[Date "2004.03.26"]
[Round "9"]
[White "Burmakin, Vladimir"]
[Black "Wohl, Aleksander"]
[Result "1-0"]
[WhiteElo "2596"]
[BlackElo "2398"]
[PlyCount "58"]
[EventDate "2004.03.19"]

1. d4 e6 2. c4 b6 3. Nf3 Bb7 4. a3 g6 5. Nc3 Bg7 6. Bg5 Ne7 7. e3 h6 8. Bf4 d6
9. h4 Nd7 10. Bh2 a6 11. Bd3 O-O 12. Qe2 Qb8 13. O-O Qd8 14. Rad1 Qe8 15. e4 e5
16. dxe5 dxe5 17. Bc2 Nc6 18. Nd5 Rc8 19. b4 f5 20. h5 f4 21. hxg6 Qxg6 22. b5
Rf7 23. bxc6 Bxc6 24. Nh4 Qg5 25. Nf5 Bf8 26. Kh1 Bxa3 27. g3 f3 28. Qxf3 Bc5
29. g4 Kh7 1-0

[Event "Bad Woerishofen open"]
[Site "Bad Woerishofen"]
[Date "2004.03.26"]
[Round "9"]
[White "Savchenko, Stanislav"]
[Black "Vatter, Hans-Joachim"]
[Result "1-0"]
[WhiteElo "2543"]
[BlackElo "2299"]
[PlyCount "71"]
[EventDate "2004.03.19"]

1. d4 Nf6 2. Nf3 e6 3. g3 c5 4. Bg2 cxd4 5. Nxd4 Nc6 6. O-O Qb6 7. Nb3 d6 8. c4
Be7 9. Bf4 Qd8 10. Nc3 O-O 11. Qd2 Ne5 12. c5 Nc4 13. Qc2 dxc5 14. Rfd1 Qb6 15.
Ne4 Na5 16. Nbxc5 Nxe4 17. Nxe4 Nc6 18. Be3 Qc7 19. Rac1 e5 20. Nc3 Be6 21. Nd5
Bxd5 22. Bxd5 Rac8 23. Qa4 a5 24. Qb5 Qb8 25. Kf1 h6 26. Bb6 Kh8 27. Bxc6 bxc6
28. Qxa5 f5 29. Qa7 Qxa7 30. Bxa7 Ra8 31. Rd7 Bg5 32. Rxc6 f4 33. Kg2 e4 34.
Bd4 f3+ 35. exf3 exf3+ 36. Kh3 1-0

[Event "Bad Woerishofen open"]
[Site "Bad Woerishofen"]
[Date "2004.03.26"]
[Round "9"]
[White "Piankov, Evgenij"]
[Black "Levin, Felix"]
[Result "0-1"]
[WhiteElo "2339"]
[BlackElo "2486"]
[PlyCount "108"]
[EventDate "2004.03.19"]

1. d4 Nf6 2. Nf3 d6 3. Bg5 Nbd7 4. Nbd2 e5 5. dxe5 dxe5 6. e4 Be7 7. c3 O-O 8.
Qc2 c6 9. Bc4 b5 10. Be2 Bb7 11. O-O Qc7 12. Rfe1 Nc5 13. Bh4 Ne6 14. a3 Nf4
15. Bf1 Ng6 16. Bg3 Nh5 17. c4 Nxg3 18. hxg3 Qb6 19. Nb3 a5 20. c5 Qc7 21. a4
b4 22. Nfd2 Rfd8 23. Nc4 Nf8 24. Red1 Ne6 25. Ne3 g6 26. Rxd8+ Rxd8 27. Rd1 Nd4
28. Nxd4 exd4 29. Ng4 Bc8 30. Nh2 Qa7 31. Rc1 Be6 32. b3 d3 33. Bxd3 Bxc5 34.
Bf1 Bd4 35. Nf3 Bc3 36. Rd1 Qe7 37. Be2 c5 38. Kf1 f6 39. Rxd8+ Qxd8 40. Bc4
Bxc4+ 41. bxc4 g5 42. Ke2 g4 43. Nh4 Qd4 44. Qd3 Qxd3+ 45. Kxd3 Be1 46. Nf5
Bxf2 47. Nh6+ Kg7 48. Nxg4 Bxg3 49. Ne3 Kg6 50. Nd5 Kg5 51. Nb6 h5 52. Nd7 Bd6
53. Kc2 h4 54. Kd3 Kg4 0-1